00952nam a22003135i 4500999001900000001000900019003000500028005001700033008004100050010001700091020004300108038001600151040002300167042000800190082000900198100003100207245005200238250001200290263000900302264005500311300001500366336002600381337002800407338002700435490001700462906004500479942001200524952010200536 c478371d47837118948622NUST20180524053257.0160127s2016 nyu 000 0 eng  a 2016931909 a9783662489918 (hardcover : alk. paper) aSNS Library aDLCbengerdacDLC apcc a515 1 aZorich, Vladimir A.91050810aMathematical analysis II /cVladimir A. Zorich. a2nd ed. a1602 1aNew York, NY :bSpringer Berlin Heidelberg,c2016. a20 p.bHb. atextbtxt2rdacontent aunmediatedbn2rdamedia avolumebnc2rdacarrier0 aUniversitext a0bibccorignewd2eepcnf20gy-gencatlg 2ddccBK 00102ddc4070aSNSbSNSd2018-05-24l1o515pSNS0002463r2023-02-01s2022-11-15w2018-05-24yBK